The new Afrabia South Africa's African, Arab and Middle East agendas

Saved in:
Bibliographic Details
Main Author: Landsberg, Chris (Author)
Format: Book
Language:English
Published: Abu Dhabi The Emirates Center for Strategic Studies and Research 2007
Series:Emirates lecture series 66
Subjects:
Tags: Add Tag
No Tags, Be the first to tag this record!
Call Number :DT 1805.A35 L36 2007

MARC

LEADER 00000nam a2200000 c 4500
001 103195
003 MY-KLNDU
005 20241220041109.0
008 221104 2007 ts b 000 0 eng d
020 |a 9789948008705 
039 9 |a 202211041203  |b VLOAD  |c 201806211021  |d azraai  |y 201711140857  |z hasniza 
040 |a UPNM  |b eng  |c UPNM  |e rda 
090 |a DT 1805.A35  |b L36 2007 
100 1 |a Landsberg, Chris  |e author 
245 1 4 |a The new Afrabia  |b South Africa's African, Arab and Middle East agendas  |c Chris Landsberg 
264 1 |a Abu Dhabi  |b The Emirates Center for Strategic Studies and Research  |c 2007 
300 |a 70 pages  |c 21 cm 
336 |a text  |2 rdacontent 
337 |a unmediated  |2 rdamedia 
338 |a volume  |2 rdacarrier 
490 1 |a Emirates lecture series  |x 1682-1238  |v 66 
504 |a Includes bibliographical references 
592 |a 00011696/17  |b 11/1/18  |c RM11.57  |h Areesh 
651 0 |a South Africa  |x Foreign relations  |z Middle East 
651 0 |a South Africa  |x Foreign relations  |z Africa 
710 2 |a Markaz al-Imrt lil-Dirst wa-al-Buth al-Istirtjyah  |e issuing body 
830 0 |a Emirates lecture series  |v 66 
999 |a vtls000059895  |c 103195  |d 103195